Η ζωή και το έργο του Κωνσταντίνου Καραθεοδωρή

Αποθηκεύτηκε σε:
Λεπτομέρειες βιβλιογραφικής εγγραφής
Κύριος συγγραφέας: Σπανδάγος, Βαγγέλης Κ., 1941-2020
Μορφή: Βιβλίο
Γλώσσα:Greek
Δημοσίευση: Αθήνα : Αίθρα, c2000.
Θέματα:
Ετικέτες: Προσθήκη ετικέτας
Δεν υπάρχουν, Καταχωρήστε ετικέτα πρώτοι!

MARC

LEADER 00000nam a2200000 i 4500
001 1/126029
008 000420s2000 gr | ||| |||| ||gre||
020 |a 9607007840 
035 |l 10060240 
040 |a GR-MyUA  |b gre  |e AACR2 
041 0 |a gre 
082 0 |a 510.92 
100 1 |a Σπανδάγος, Βαγγέλης Κ.,   |d 1941-2020. 
245 1 2 |a Η ζωή και το έργο του Κωνσταντίνου Καραθεοδωρή /   |c Ευάγγελου Σπανδάγου.  
260 |a Αθήνα :   |b Αίθρα,   |c c2000.  
300 |a 445 σ. ;   |c 22 εκ.  
504 |a Περιέχει βιβλιογραφικές αναφορές.  
600 1 0 |a Carathéodory, Constantin,   |d 1873-1950. 
650 0 0 |a Mathematicians  |x Biography. 
901 |a BIBL3-2000-1 
909 |a Σ  |b 075190 
909 |a Σ  |b 075191 
920 |a ΡΟΔΟΠΟΥΛΟΥ  |b ΔΕΣΠΟΙΝΑ  |y Σάμος  |z 2000-04 
970 |a ΠΟΥΡΝΑΡΑΣ  |b ΔΗΜΗΤΡΗΣ  |z 2000/04/20